[Event "HUN-ch U10/14"]
[Site "Buek"]
[Date "2023.06.24"]
[Round "8"]
[White "Bod, Marton"]
[Black "Feher, Botond"]
[Result "1/2-1/2"]
[WhiteElo "1813"]
[BlackElo "2028"]
[PlyCount "115"]
[EventDate "2023.06.17"]
[EventType "swiss"]
[EventRounds "9"]
[EventCountry "HUN"]
[SourceTitle "CBM 215 Extra"]
[Source "ChessBase"]
[SourceDate "2023.09.30"]
[SourceVersion "1"]
[SourceVersionDate "2023.09.30"]
[SourceQuality "1"]

1. e4 c5 2. Nf3 Nc6 3. d4 cxd4 4. Nxd4 g6 5. Nc3 Bg7 6. Be3 Nf6 7. Bc4 d6 8. f3 0-0 9. Bb3 Bd7 10. Qd2 Rc8 11. 0-0-0 Nxd4 12. Bxd4 b5 13. Nd5 Nxd5 14. Bxd5 Bxd4 15. Qxd4 Qc7 16. Rd2 a5 17. e5 Rfd8 18. exd6 Qxd6 19. Be4 Qxd4 20. Rxd4 Be6 21. Rxd8+ Rxd8 22. a3 Kg7 23. Rd1 Rxd1+ 24. Kxd1 f5 25. Bc6 Bc4 26. b3 Bf1 27. Ke1 Bxg2 28. Kf2 Bh3 29. Bxb5 f4 30. b4 axb4 31. axb4 Kf6 32. Ba6 Bf5 33. b5 Ke5 34. c4 Kd6 35. b6 Kc6 36. c5 g5 37. Bc4 e6 38. Bb5+ Kb7 39. Bd7 Bh3 40. Kg1 Bf5 41. Kg2 h6 42. Kf2 Bh3 43. Kg1 Bf5 44. Kg2 g4 45. fxg4 Bxg4 46. Kf2 h5 47. h3 Bxh3 48. Kf3 Bg4+ 49. Kxf4 e5+ 50. Kxe5 Bxd7 51. Kf4 h4 52. Kf3 Bh3 53. Kf4 Bc8 54. Kf3 Kc6 55. Kg2 Kxc5 56. b7 Bxb7+ 57. Kh3 Bg2+ 58. Kxh4 1/2-1/2

[Event "HUN-ch U10/14"]
[Site "Buek"]
[Date "2023.06.23"]
[Round "7"]
[White "Feher, Botond"]
[Black "Morovan Szabo, Lorinc"]
[Result "1/2-1/2"]
[WhiteElo "2028"]
[BlackElo "1554"]
[PlyCount "92"]
[EventDate "2023.06.17"]
[EventType "swiss"]
[EventRounds "9"]
[EventCountry "HUN"]
[SourceTitle "CBM 215 Extra"]
[Source "ChessBase"]
[SourceDate "2023.09.30"]
[SourceVersion "1"]
[SourceVersionDate "2023.09.30"]
[SourceQuality "1"]

1. d4 d5 2. Bf4 Nf6 3. Nf3 e6 4. e3 Nbd7 5. Nbd2 c5 6. c3 b6 7. Bd3 Bb7 8. Ne5 Be7 9. 0-0 c4 10. Bc2 Nxe5 11. dxe5 Nd7 12. Ba4 g5 13. Bg3 h5 14. h3 a6 15. Bxd7+ Qxd7 16. Nf3 0-0-0 17. Nd4 Rdg8 18. Qf3 Bd8 19. Qe2 g4 20. Kh2 f6 21. h4 Rh7 22. exf6 Bxf6 23. f4 Qe7 24. Qf2 Rhg7 25. Kh1 Rf7 26. f5 e5 27. Ne6 Kb8 28. Rad1 Ka7 29. b3 Rc8 30. b4 e4 31. Qe1 Bc6 32. Nd4 Bxd4 33. exd4 Rcf8 34. Qe3 Rxf5 35. Kg1 Qf6 36. Rxf5 Qxf5 37. Qg5 Qxg5 38. hxg5 Be8 39. Rf1 Rxf1+ 40. Kxf1 Kb7 41. Ke2 Kc6 42. Ke3 Kd7 43. Be5 Ke6 44. Kf4 Bg6 45. g3 b5 46. Bg7 Bf5 1/2-1/2

[Event "Arco op 44th"]
[Site "Arco"]
[Date "2022.10.10"]
[Round "3"]
[White "Feher, Botond"]
[Black "Raselli, Claudio"]
[Result "1-0"]
[WhiteElo "1936"]
[BlackElo "1725"]
[PlyCount "69"]
[EventDate "2022.10.08"]
[EventType "swiss"]
[EventRounds "9"]
[EventCountry "ITA"]
[SourceTitle "CBM 210 Extra"]
[Source "ChessBase"]
[SourceDate "2022.11.30"]
[SourceVersion "1"]
[SourceVersionDate "2022.11.30"]
[SourceQuality "1"]

1. e4 c5 2. d4 cxd4 3. c3 Nf6 4. e5 Nd5 5. Qxd4 e6 6. Bd3 Nc6 7. Qe4 d6 8. exd6 Qxd6 9. Nf3 Nf6 10. Qe2 Be7 11. Bg5 b6 12. Na3 Bb7 13. Nb5 Qb8 14. 0-0-0 a6 15. Nbd4 0-0 16. Kb1 b5 17. Nxc6 Bxc6 18. Ne5 Be8 19. Rhe1 Ra7 20. Bc2 b4 21. c4 a5 22. Qd3 g6 23. Bh6 a4 24. Bxf8 Bxf8 25. Qd8 Qb7 26. Qxf6 b3 27. Bxb3 axb3 28. a3 Bg7 29. Qf3 Qc7 30. Qf4 Ra4 31. Nxg6 Qxf4 32. Nxf4 Rxc4 33. Rd8 Kf8 34. Nxe6+ fxe6 35. Rxe6 1-0

[Event "Arco op 44th"]
[Site "Arco"]
[Date "2022.10.09"]
[Round "2"]
[White "Ochedzan, Tymon"]
[Black "Feher, Botond"]
[Result "1-0"]
[WhiteElo "2211"]
[BlackElo "1936"]
[PlyCount "53"]
[EventDate "2022.10.08"]
[EventType "swiss"]
[EventRounds "9"]
[EventCountry "ITA"]
[SourceTitle "CBM 210 Extra"]
[Source "ChessBase"]
[SourceDate "2022.11.30"]
[SourceVersion "1"]
[SourceVersionDate "2022.11.30"]
[SourceQuality "1"]

1. e4 c5 2. Nf3 d6 3. d4 cxd4 4. Nxd4 Nf6 5. Nc3 g6 6. Be3 Bg7 7. f3 0-0 8. Qd2 Nc6 9. Nb3 Be6 10. Nd5 Ne5 11. Be2 Nxd5 12. exd5 Bd7 13. c4 b6 14. 0-0 Qc7 15. Rac1 Rfc8 16. Nd4 a5 17. f4 Ng4 18. Bxg4 Bxg4 19. f5 Bxd4 20. Bxd4 Bxf5 21. Rxf5 gxf5 22. Qh6 f6 23. Rc3 f4 24. Rh3 e5 25. dxe6 Qg7 26. Qxf4 Kf8 27. Bxf6 1-0

[Event "Arco op 44th"]
[Site "Arco"]
[Date "2022.10.08"]
[Round "1"]
[White "Feher, Botond"]
[Black "Hansen, Anders1111"]
[Result "1-0"]
[WhiteElo "1936"]
[BlackElo "1543"]
[PlyCount "33"]
[EventDate "2022.10.08"]
[EventType "swiss"]
[EventRounds "9"]
[EventCountry "ITA"]
[SourceTitle "CBM 210 Extra"]
[Source "ChessBase"]
[SourceDate "2022.11.30"]
[SourceVersion "1"]
[SourceVersionDate "2022.11.30"]
[SourceQuality "1"]

1. e4 c5 2. d4 cxd4 3. c3 dxc3 4. Nxc3 e6 5. Nf3 Qc7 6. Nb5 Bb4+ 7. Bd2 Bxd2+ 8. Qxd2 Qd8 9. Rc1 Nc6 10. Qd6 Nge7 11. Nc7+ Kf8 12. Nxa8 Qa5+ 13. b4 Qa3 14. Qd2 f6 15. Nc7 a6 16. Na8 Kf7 17. Nb6 1-0

[Event "EU-ch Hybrid U10"]
[Site "Tornelo INT"]
[Date "2021.10.15"]
[Round "7"]
[White "Feher, Botond"]
[Black "Kozlov, Kirill Dm"]
[Result "1-0"]
[WhiteElo "1644"]
[BlackElo "1228"]
[PlyCount "105"]
[EventDate "2021.10.15"]
[EventType "swiss"]
[EventRounds "9"]
[EventCountry "NET"]
[SourceTitle "EXT 2023"]
[Source "ChessBase"]
[SourceDate "2022.10.05"]
[SourceVersion "1"]
[SourceVersionDate "2022.10.05"]
[SourceQuality "1"]
[WhiteTeam "Hungary"]
[BlackTeam "Russia"]
[WhiteTeamCountry "HUN"]
[BlackTeamCountry "RUS"]

1. e4 c5 2. Nf3 e6 3. d4 cxd4 4. Nxd4 a6 5. Nc3 Qc7 6. Be2 Nf6 7. 0-0 Be7 8. Be3 d6 9. f4 Nbd7 10. Kh1 b5 11. a3 Bb7 12. Bd3 0-0 13. Qf3 Rfd8 14. Rae1 Rac8 15. Bc1 Nb6 16. Qh3 h6 17. Rf3 Nc4 18. Rg3 h5 19. e5 dxe5 20. Nxe6 fxe6 21. Qxe6+ Kf8 22. fxe5 Nxe5 23. Rxe5 Bd6 24. Qxf6+ Kg8 25. Qe6+ Qf7 26. Bh7+ Kxh7 27. Qxf7 Bxe5 28. Qxh5+ Kg8 29. Qxe5 Rd7 30. Qe6+ Rf7 31. Rxg7+ Kxg7 32. Bh6+ Kh7 33. Qxf7+ Kxh6 34. Qxb7 Rf8 35. Qxa6+ Kh7 36. Qxb5 Rg8 37. Qh5+ Kg7 38. Qg5+ Kf7 39. Qxg8+ Kxg8 40. a4 Kf8 41. a5 Ke7 42. a6 Ke6 43. a7 Ke5 44. a8Q Kd6 45. Qb7 Ke5 46. Qd5+ Kf6 47. Ne4+ Ke7 48. Qd6+ Kf7 49. Ng5+ Kg7 50. Qe6 Kh8 51. Qf6+ Kg8 52. Qf7+ Kh8 53. Qh7# 1-0

[Event "HUN-ch U10"]
[Site "Tapolca"]
[Date "2021.08.04"]
[Round "4"]
[White "Lang, Kristof Mark"]
[Black "Feher, Botond"]
[Result "0-1"]
[WhiteElo "1311"]
[BlackElo "1629"]
[PlyCount "180"]
[EventDate "2021.08.01"]
[EventType "swiss"]
[EventRounds "7"]
[EventCountry "HUN"]
[SourceTitle "EXT 2022"]
[Source "ChessBase"]
[SourceDate "2021.10.06"]
[SourceVersion "1"]
[SourceVersionDate "2021.10.06"]
[SourceQuality "1"]

1. e4 c5 2. Nf3 g6 3. d4 cxd4 4. Qxd4 Nf6 5. Nc3 Nc6 6. Qa4 d6 7. e5 dxe5 8. Nxe5 Bg7 9. Be2 0-0 10. Nxc6 bxc6 11. Qxc6 Bf5 12. Qa4 Rb8 13. 0-0 Nd5 14. Nxd5 Qxd5 15. c3 Qd6 16. Qxa7 Rfd8 17. Qa4 Bd7 18. Qd1 Qc7 19. Qc2 Qe5 20. Be3 Bf5 21. Qc1 h6 22. Re1 Qa5 23. h3 Kh7 24. Bf3 Rdc8 25. Bd2 e6 26. b4 Qa4 27. Re3 Rxb4 28. Be2 Bd4 29. Rg3 Be5 30. Re3 Bf4 31. Rf3 Bxd2 32. Qxd2 Rb7 33. Rf4 Rd7 34. Rxa4 Rxd2 35. Rc4 Ra8 36. Bf3 Raxa2 37. Rxa2 Rxa2 38. Rc7 Kg7 39. c4 Kf6 40. c5 Rc2 41. Bb7 e5 42. Rc6+ Kg7 43. Rc7 Kf8 44. c6 Ke8 45. Ba8 Be6 46. Ra7 f5 47. Kf1 f4 48. Rg7 Bf7 49. Rh7 h5 50. Rh8+ Ke7 51. Rc8 Be6 52. Rc7+ Kd8 53. Ra7 Bf5 54. Ra5 e4 55. Bb7 f3 56. gxf3 exf3 57. Kg1 Bxh3 58. Rd5+ Kc7 59. Rd3 Bg4 60. Re3 Rc1+ 61. Kh2 Rf1 62. Kg3 g5 63. Ba8 Rg1+ 64. Kh2 Rg2+ 65. Kh1 Rxf2 66. Re7+ Kb6 67. Rb7+ Ka6 68. c7 Rc2 69. Rb1 Rxc7 70. Ra1+ Kb6 71. Rb1+ Kc5 72. Rc1+ Kd6 73. Rd1+ Ke5 74. Rd5+ Kf4 75. Rd4+ Kg3 76. Rd1 Rc2 77. Rg1+ Kh3 78. Rg2 fxg2+ 79. Bxg2+ Kg3 80. Kg1 Rc1+ 81. Bf1 Rxf1+ 82. Kxf1 Kh2 83. Kf2 Bc8 84. Kf3 g4+ 85. Kf2 g3+ 86. Kf1 g2+ 87. Kf2 h4 88. Kf3 g1Q 89. Kf4 Qd4+ 90. Kf3 Bg4# 0-1

[Event "Tapolca Olympic Hopes"]
[Site "Tapolca"]
[Date "2021.06.26"]
[Round "5"]
[White "Feher, Botond"]
[Black "Bod, Marton"]
[Result "1-0"]
[WhiteElo "1435"]
[BlackElo "1371"]
[PlyCount "41"]
[EventDate "2021.06.24"]
[EventType "swiss"]
[EventRounds "7"]
[EventCountry "HUN"]
[SourceTitle "CBM 203 Extra"]
[Source "ChessBase"]
[SourceDate "2021.09.30"]
[SourceVersion "1"]
[SourceVersionDate "2021.09.30"]
[SourceQuality "1"]

1. e4 c5 2. d4 cxd4 3. c3 dxc3 4. Nxc3 Nc6 5. Nf3 e6 6. Bc4 Qc7 7. 0-0 Nf6 8. Nb5 Qb8 9. e5 Nxe5 10. Nxe5 Qxe5 11. Re1 Qb8 12. Qd4 b6 13. Bf4 d6 14. Rac1 a6 15. Nc7+ Qxc7 16. Bb5+ Kd8 17. Rxc7 Kxc7 18. Rc1+ Kb8 19. Qxb6+ Bb7 20. Qd8+ Ka7 21. Be3# 1-0